| 000 | 00862nam a2200229 i 4500 | ||
|---|---|---|---|
| 001 | 182681 | ||
| 003 | ES-MaACL | ||
| 005 | 20250902225552.0 | ||
| 008 | 131009s2010 sp | |||||||| | spa d | ||
| 020 | _a978-84-92705-11-5 | ||
| 080 | _a821.134.2-14"19" | ||
| 100 | 0 |
_aCruz Pérez, Francisco José. _941842 |
|
| 245 | 1 | 3 |
_aEl espanto seguro / _cFrancisco José Cruz. |
| 260 |
_aSevilla : _bSibilina : _bFundación BBVA, _cimp. 2010. |
||
| 300 |
_a48 p. ; _c21 cm. |
||
| 490 | 1 |
_aBiblioteca Sibila-Fundación BBVA de poesía en español ; _v22. _aInéditos |
|
| 830 | 0 |
_aBiblioteca Sibila-Fundación BBVA de poesía en español ; _v22. _aInéditos _9191813 |
|
| 852 |
_aES-MaACL _jA-12829 _9189598 _bR.149043 _cDEPO1 _dOlim: N-5829 _xDonación: Fundación BBVA |
||
| 914 |
_aFundación BBVA _ednr _94230 |
||
| 942 |
_2udc _cMONOGRAFIA |
||
| 999 |
_c182681 _d182681 |
||